<?xml version="1.0" encoding="UTF-8"?>
<record
    xmlns:xsi="http://www.w3.org/2001/XMLSchema-instance"
    xsi:schemaLocation="http://www.loc.gov/MARC21/slim http://www.loc.gov/standards/marcxml/schema/MARC21slim.xsd"
    xmlns="http://www.loc.gov/MARC21/slim">

  <leader>00827nam a22001817a 4500</leader>
  <controlfield tag="003">UA-OsUOA</controlfield>
  <controlfield tag="001"> 17575 </controlfield>
  <controlfield tag="007">ta</controlfield>
  <controlfield tag="008">20040316b un ||||| |||| 00| 0 ukr d</controlfield>
  <datafield tag="100" ind1=" " ind2=" ">
    <subfield code="a">&#x41A;&#x43E;&#x440;&#x43E;&#x43B;&#x44C;&#x447;&#x443;&#x43A; &#x412;.</subfield>
  </datafield>
  <datafield tag="942" ind1=" " ind2=" ">
    <subfield code="c">SA</subfield>
  </datafield>
  <datafield tag="040" ind1=" " ind2=" ">
    <subfield code="a">UA-OsUOA</subfield>
    <subfield code="c">UA-OsUOA</subfield>
    <subfield code="d">UA-OsUOA</subfield>
  </datafield>
  <datafield tag="245" ind1=" " ind2=" ">
    <subfield code="a">"&#x406;&#x43D;&#x442;&#x435;&#x43B;&#x43A;&#x43E;&#x43C;" - &#x432;&#x438;&#x440;&#x43E;&#x431;&#x43D;&#x438;&#x43A; &#x43D;&#x430;&#x434;&#x456;&#x439;&#x43D;&#x438;&#x445; &#x446;&#x438;&#x444;&#x440;&#x43E;&#x432;&#x438;&#x445; &#x43A;&#x43E;&#x43C;&#x443;&#x442;&#x430;&#x446;&#x456;&#x439;&#x43D;&#x438;&#x445; &#x441;&#x438;&#x441;&#x442;&#x435;&#x43C;</subfield>
    <subfield code="b">[&#x420;&#x43E;&#x437;&#x43C;&#x43E;&#x432;&#x430; &#x437; &#x434;&#x438;&#x440;. &#x422;&#x437;&#x41E;&#x412; "&#x406;&#x43D;&#x442;&#x435;&#x43B;&#x43A;&#x43E;&#x43C;"&#x43F;&#x440;&#x43E; &#x43E;&#x441;&#x43D;&#x43E;&#x432;&#x43D;&#x456; &#x43D;&#x430;&#x43F;&#x440;&#x44F;&#x43C;&#x43A;&#x438; &#x434;&#x456;&#x44F;&#x43B;&#x44C;&#x43D;&#x43E;&#x441;&#x442;&#x456; &#x43F;-&#x432;&#x430; , &#x44F;&#x43A;&#x438;&#x439; &#x440;&#x43E;&#x437;&#x440;&#x43E;&#x431;&#x43B;&#x44F;&#x454;, &#x432;&#x438;&#x433;&#x43E;&#x442;&#x43E;&#x432;&#x43B;&#x44F;&#x454; &#x456; &#x432;&#x441;&#x442;&#x430;&#x43D;&#x43E;&#x432;&#x43B;&#x44E;&#x454; &#x446;&#x438;&#x444;&#x440;&#x43E;&#x432;&#x456; &#x430;&#x432;&#x442;&#x43E;&#x43C;&#x430;&#x442;. &#x442;&#x435;&#x43B;&#x435;&#x444;&#x43E;&#x43D;. &#x441;&#x442;&#x430;&#x43D;&#x446;&#x456;&#x457;]/&#x41E;.&#x414;&#x443;&#x431;&#x43E;&#x432;&#x438;&#x43A;</subfield>
  </datafield>
  <datafield tag="300" ind1=" " ind2=" ">
    <subfield code="a">&#x421;.7</subfield>
  </datafield>
  <datafield tag="955" ind1=" " ind2=" ">
    <subfield code="a">0</subfield>
  </datafield>
  <datafield tag="773" ind1="0" ind2=" ">
    <subfield code="w">0</subfield>
    <subfield code="t">&#x406;&#x43C;&#x456;&#x434;&#x436;</subfield>
    <subfield code="d">&#x420;&#x456;&#x432;&#x43D;&#x435;</subfield>
    <subfield code="d">2004</subfield>
    <subfield code="g">&#x2116;3/&#x41B;&#x44E;&#x442;./</subfield>
  </datafield>
  <datafield tag="650" ind1=" " ind2="7">
    <subfield code="a">&#x417;&#x432;'&#x44F;&#x437;&#x43E;&#x43A;</subfield>
    <subfield code="2">UDC</subfield>
  </datafield>
  <datafield tag="999" ind1=" " ind2=" ">
    <subfield code="c">303743</subfield>
    <subfield code="d">303743</subfield>
  </datafield>
</record>
